טוען...
Journal of Indian history v.157/
| פורמט: | Printed Book |
|---|---|
| יצא לאור: |
Thiruvanandapuram:
The University of Kerala,
1967.
|
| נושאים: |
| LEADER | 00409nam a22001211a 4500 | ||
|---|---|---|---|
| 082 | |a R 954 |b JOU | ||
| 245 | |a Journal of Indian history v.157/ | ||
| 260 | |a Thiruvanandapuram: |b The University of Kerala, |c 1967. | ||
| 300 | |a 597p. | ||
| 650 | |a |9 91930 | ||
| 942 | |c REF | ||
| 999 | |c 21903 |d 21903 | ||
| 952 | |0 0 |1 0 |4 0 |6 954_000000000000000_J69 |7 0 |9 30757 |a SSUS |b SSUS |d 2015-01-08 |g 150.00 |o 954 J69 |p 006966 |r 2015-01-08 |v 0.00 |w 2015-01-08 |y BK | ||